5HLuxD.jpg

KING HENRY VIII SENIOR AND PRIMARY SCHOOL LIBRARY OPAC

The storm runner / (Record no. 5851)

000 -LEADER
fixed length control field 01152cam a2200301 a 4500
001 - CONTROL NUMBER
control field 1665204
003 - CONTROL NUMBER IDENTIFIER
control field OSt
005 - DATE AND TIME OF LATEST TRANSACTION
control field 20251119080433.0
008 - FIXED-LENGTH DATA ELEMENTS--GENERAL INFORMATION
fixed length control field 190819r20192018cau j 000 0 eng d
010 ## - LIBRARY OF CONGRESS CONTROL NUMBER
LC control number be2019041693
020 ## - INTERNATIONAL STANDARD BOOK NUMBER
International Standard Book Number 9781368023603
Qualifying information (pbk.)
040 ## - CATALOGING SOURCE
Original cataloging agency AU@
Language of cataloging eng
Description conventions rda
Transcribing agency AU@
Modifying agency OCLCO
-- OCLCF
-- MLN
-- KH8
042 ## - AUTHENTICATION CODE
Authentication code nbic
082 ## - DEWEY DECIMAL CLASSIFICATION NUMBER
Classification number FIC CER
100 1# - MAIN ENTRY--PERSONAL NAME
Personal name Cervantes, Jennifer,
Relator term author.
245 14 - TITLE STATEMENT
Title The storm runner /
Statement of responsibility, etc. J.C. Cervantes.
250 ## - EDITION STATEMENT
Edition statement First paperback edition.
260 ## - PUBLICATION, DISTRIBUTION, ETC.
Place of publication, distribution, etc. Los Angeles :
Name of publisher, distributor, etc. Disney Hyperion,
Date of publication, distribution, etc. 2019.
300 ## - PHYSICAL DESCRIPTION
Extent 431 p. ;
Dimensions 20 cm.
500 ## - GENERAL NOTE
General note "Rick Riordan presents."
520 ## - SUMMARY, ETC.
Summary, etc. To prevent the Mayan gods from battling each other and destroying the world, Zane must unravel an ancient prophecy, stop an evil god, and discover how the physical disability that makes him reliant on a cane also connects him to his father and his ancestry.
650 #0 - SUBJECT ADDED ENTRY--TOPICAL TERM
Topical term or geographic name entry element Maya mythology
Form subdivision Juvenile fiction.
650 #0 - SUBJECT ADDED ENTRY--TOPICAL TERM
Topical term or geographic name entry element People with disabilities
Form subdivision Juvenile fiction.
650 #0 - SUBJECT ADDED ENTRY--TOPICAL TERM
Topical term or geographic name entry element Fathers and sons
Form subdivision Juvenile fiction.
650 #0 - SUBJECT ADDED ENTRY--TOPICAL TERM
Topical term or geographic name entry element Maya gods
Form subdivision Juvenile fiction.
650 #0 - SUBJECT ADDED ENTRY--TOPICAL TERM
Topical term or geographic name entry element Children's stories.
942 ## - ADDED ENTRY ELEMENTS (KOHA)
Source of classification or shelving scheme
Koha item type Books - Fiction
Holdings
Withdrawn status Lost status Source of classification or shelving scheme Damaged status Not for loan Collection code Permanent Location Current Location Shelving location Date acquired Full call number Barcode Date last seen Price effective from Koha item type
          Fiction KH8 Senior School Library KH8 Senior School Library Fiction 2025-11-19 FIC CER 3KHSL000102531 2025-11-19 2025-11-19 Books - Fiction

Powered By KH8 IT Dept